| 000 | 01079nam a22002177a 4500 | ||
|---|---|---|---|
| 008 | 090708t xxu||||| |||| 00| 0 eng d | ||
| 082 |
_222 _a428.0076 _bIEL |
||
| 245 |
_aIELTS : _bEnglish for International Opportunity / |
||
| 260 |
_bCambridge, _cc2007. |
||
| 300 |
_a1 DVD : _c(4 3/4 in.) + _e1 booklet (15 p. : 18 cm.) |
||
| 500 | _aSystem requirements:Windows 2000/xp, Macintosh. | ||
| 500 | _a"The test that sets the standard"-- cover. | ||
| 650 | 0 |
_aInternational English Language Testing System. _97729 |
|
| 650 | 0 |
_aEnglish language _xStudy and teaching _xForeign speakers. _97730 |
|
| 710 | 1 |
_aBritish Council _97731 |
|
| 710 | 1 |
_aIELTS Australia _97732 |
|
| 710 | 1 |
_aUniversity of Cambridge _97733 |
|
| 942 |
_2ddc _cCDR |
||
| 999 |
_c12245 _d12245 |
||